MARC

LEADER 00000cam a2200000 a 4500
001 53007
005 20230308170811.0
008 000000|1960 ||||||||r|||||||||||spa||
040 |b spa 
041 1 |a spa 
082 0 |a 937 
100 1 |a Grant, Michael  |9 58313 
245 1 1 |a El Mundo romano  |c Michael Grant, trad. Luis Gil  |h imp 
264 |a Madrid  |b Ediciones Guadarrama  |c 1960 
300 |a 374 páginas:  |c 24 cm 
504 |a incl. ref. 
650 1 |a Historia de roma  |9 8513 
650 1 |a Estado y sociedad  |9 58314 
650 1 |a Esclavos  |9 22986 
650 1 |a Religon romana  |9 58315 
650 1 |a Filosofia romana  |9 13114 
650 1 |a Literatura latina  |9 1572 
650 1 |a Escultura romana  |9 58316 
650 1 |a Pintura romana  |9 58317 
650 1 |a Arquitectura romana  |9 17463 
852 |a UC-CDJBV  |c TERCER PISO  |f Donación  |k margarita.gutierrez  |l 1  |m General  |p 00000000  |r 2  |t 53007  |b 0  |d CDRC  |e CDRC  |g 937 TERCER PISO  |z 0000-00-00 
942 |c BK  |0 1 
999 |c 33765  |d 33765